01285nam a2200265Ia 4500001000600000003000900006008004100015040001300056040001300069041001300082100001800095100002900113245002200142245002200164250001100186260001100197260001500208260004900223300004300272500059900315650002800914650003100942700001700973700002900990E5102IT-RoPAU130308s9999 xx 000 0 und d aIT-RoPAU cIT-RoPAU aITALIANO aMasoni Tullio gCodice Aut. SPICS: 17645 aAndrej Tarkovskij bAndrej Tarkovskij a1a ed. aMILANO bIl Castoro c1997 [1° Ed.:1997 - Ed.Ling.Originale:1997] a"136 p. (prefazione: no ; testo: 136)" aVita e Opere del Grande regista Cinematografico Russo, nato a Ivanovo nel 1932 e morto a Parigi nel 1986. Piccolo Dizionario Tarkovskijano. Defini' Il suo Cinema: la nostalgia dell'Armonia. La Sua Opera Ha Un'Intensità e una grandezza Ineguagliate. L'Infanzia di Ivan (1962), Andrej Rublev (1966), Stalker (1979) Racchiudono L'Incanto del suo Lavoro. Altri Film: Oggi Non ci Sarà libera Uscita (1959), Il Rullo Compressore e Il Violino (1960), Solaris (1972), Lo Specchio (1974), Nostalghia (1983), Tempo di Viaggio (1983), sacrificio (1986). Filmografia e Documentari realizzati su di Lui. aAUTORI/OPERE DEL CINEMA eCodice materia Spics: 6807 aVecchi Paolo gCodice Aut. SPICS: 11763